[Event "Stay Safe Play From Home 409"]
[Site "Emanuel Lasker Arena"]
[Date "2020.08.25"]
[Round "5"]
[White "AChessPlayer"]
[Black "Nguyen Hong Anh"]
[Result "1/2-1/2"]
[WhiteElo "2379"]
[BlackElo "2251"]
[PlyCount "121"]
[EventDate "2020.08.25"]
[EventType "swiss (blitz)"]

1. Nf3 {[%emt 0:00:00]} Nf6 {[%emt 0:00:02]} 2. g3 {[%emt 0:00:01]} g6 {[%emt 0:00:00]} 3. Bg2 {[%emt 0:00:00]} Bg7 {[%emt 0:00:00]} 4. O-O {[%emt 0:00:01]} O-O {[%emt 0:00:00]} 5. d4 {[%emt 0:00:00]} d5 {[%emt 0:00:01]} 6. Nbd2 {[%emt 0:00:00]} c5 {[%emt 0:00:01]} 7. dxc5 {[%emt 0:00:01]} Na6 {[%emt 0:00:01]} 8. Nb3 {[%emt 0:00:00]} Ne4 {[%emt 0:00:00]} 9. c3 {[%emt 0:00:00]} Nexc5 {[%emt 0:00:01]} 10. Nxc5 {[%emt 0:00:00]} Nxc5 {[%emt 0:00:00]} 11. Be3 {[%emt 0:00:00]} Ne4 {[%emt 0:00:01]} 12. Bd4 {[%emt 0:00:00]} Nf6 {[%emt 0:00:02]} 13. Qb3 {[%emt 0:00:01]} Qc7 {[%emt 0:00:02]} 14. Rad1 {[%emt 0:00:00]} Be6 {[%emt 0:00:01]} 15. Qa3 {[%emt 0:00:01]} a6 {[%emt 0:00:02]} 16. Be5 {[%emt 0:00:01]} Qc6 {[%emt 0:00:01]} 17. Nd4 {[%emt 0:00:00]} Qd7 {[%emt 0:00:01]} 18. e4 {[%emt 0:00:01]} dxe4 {[%emt 0:00:02]} 19. Nf5 {[%emt 0:00:03]} Qb5 {[%emt 0:00:00]} 20. Nxe7+ {[%emt 0:00:01]} Kh8 {[%emt 0:00:01]} 21. Bd6 {[%emt 0:00:03]} Rfe8 {[%emt 0:00:01]} 22. b3 {[%emt 0:00:01]} Rad8 {[%emt 0:00:01]} 23. c4 {[%emt 0:00:01]} Qg5 {[%emt 0:00:01]} 24. Rfe1 {[%emt 0:00:02]} Bg4 {[%emt 0:00:02]} 25. Rd4 {[%emt 0:00:03]} Bf3 {[%emt 0:00:02]} 26. Bf1 {[%emt 0:00:04]} Qh5 {[%emt 0:00:01]} 27. c5 {[%emt 0:00:02]} Ng4 {[%emt 0:00:02]} 28. h3 {[%emt 0:00:03]} Bxd4 {[%emt 0:00:01]} 29. Re2 {[%emt 0:00:12]} Bxe2 {[%emt 0:00:02]} 30. Bxe2 {[%emt 0:00:01]} Bxf2+ {[%emt 0:00:02]} 31. Kg2 {[%emt 0:00:02]} Qg5 {[%emt 0:00:09]} 32. hxg4 {[%emt 0:00:02]} Bd4 {[%emt 0:00:01]} 33. Qb4 {[%emt 0:00:02]} Qe3 {[%emt 0:00:01]} 34. Qe1 {[%emt 0:00:02]} Rxd6 {[%emt 0:00:02]} 35. cxd6 {[%emt 0:00:01]} Rd8 {[%emt 0:00:01]} 36. Qf1 {[%emt 0:00:00]} Rxd6 {[%emt 0:00:01]} 37. Bc4 {[%emt 0:00:01]} Qf2+ {[%emt 0:00:01]} 38. Qxf2 {[%emt 0:00:00]} Bxf2 {[%emt 0:00:00]} 39. Kxf2 {[%emt 0:00:00]} Rd2+ {[%emt 0:00:00]} 40. Ke3 {[%emt 0:00:00]} Rxa2 {[%emt 0:00:00]} 41. Nd5 {[%emt 0:00:00]} Kg7 {[%emt 0:00:01]} 42. Nf6 {[%emt 0:00:00]} b5 {[%emt 0:00:01]} 43. g5 {[%emt 0:00:00]} bxc4 {[%emt 0:00:02]} 44. bxc4 {[%emt 0:00:00]} Rc2 {[%emt 0:00:01]} 45. Kxe4 {[%emt 0:00:00]} Rxc4+ {[%emt 0:00:01]} 46. Kd5 {[%emt 0:00:00]} Rb4 {[%emt 0:00:00]} 47. Ne8+ {[%emt 0:00:00]} Kf8 {[%emt 0:00:01]} 48. Nf6 {[%emt 0:00:00]} Rb5+ {[%emt 0:00:00]} 49. Kd6 {[%emt 0:00:00]} Rxg5 {[%emt 0:00:00]} 50. Nxh7+ {[%emt 0:00:00]} Kg7 {[%emt 0:00:00]} 51. Nxg5 {[%emt 0:00:00]} Kf6 {[%emt 0:00:00]} 52. Nf3 {[%emt 0:00:00]} Kf5 {[%emt 0:00:00]} 53. Kd5 {[%emt 0:00:00]} Kg4 {[%emt 0:00:00]} 54. Ne5+ {[%emt 0:00:00]} Kxg3 {[%emt 0:00:00]} 55. Nxf7 {[%emt 0:00:00]} a5 {[%emt 0:00:00]} 56. Kc4 {[%emt 0:00:00]} Kf4 {[%emt 0:00:01]} 57. Kb3 {[%emt 0:00:00]} g5 {[%emt 0:00:00]} 58. Nh6 {[%emt 0:00:02]} g4 {[%emt 0:00:00]} 59. Nxg4 {[%emt 0:00:00]} Kxg4 {[%emt 0:00:00]} 60. Ka4 {[%emt 0:00:00]} Kf5 {[%emt 0:00:00]} 61. Kxa5 {[%emt 0:00:00] (Lag: Av=1.29s, max=3.1s) (Lag: Av=1.29s, max=3.1s) (Lag: Av=1.29s, max=3.1s)} 1/2-1/2

[Event "Stay Safe Play From Home 409"]
[Site "Emanuel Lasker Arena"]
[Date "2020.08.25"]
[Round "5"]
[White "TheCHESSHOUSE"]
[Black "Fat Kevin"]
[Result "0-1"]
[WhiteElo "2089"]
[BlackElo "2030"]
[PlyCount "26"]
[EventDate "2020.08.25"]
[EventType "swiss (blitz)"]

1. d4 {[%emt 0:00:02]} c5 {[%emt 0:00:00]} 2. c4 {[%emt 0:00:00]} Nf6 {[%emt 0:00:00]} 3. d5 {[%emt 0:00:01]} d6 {[%emt 0:00:01]} 4. Nc3 {[%emt 0:00:01]} e6 {[%emt 0:00:00]} 5. g3 {[%emt 0:00:02]} Be7 {[%emt 0:00:00]} 6. Nf3 {[%emt 0:00:01]} O-O {[%emt 0:00:00]} 7. Bg2 {[%emt 0:00:00]} e5 {[%emt 0:00:01]} 8. O-O {[%emt 0:00:00]} e4 {[%emt 0:00:01]} 9. Ng5 {[%emt 0:00:02]} Bf5 {[%emt 0:00:01]} 10. Nh3 {[%emt 0:00:04]} Qd7 {[%emt 0:00:02]} 11. Be3 {[%emt 0:00:01]} Bxh3 {[%emt 0:00:02]} 12. Bxh3 {[%emt 0:00:02]} Qxh3 {[%emt 0:00:00]} 13. a3 {[%emt 0:00:02]} Ng4 {[%emt 0:00:00] TheCHESSHOUSE resigns TheCHESSHOUSE resigns TheCHESSHOUSE resigns (Lag: Av=0.65s, max=0.8s) (Lag: Av=0.65s, max=0.8s) (Lag: Av=0.65s, max=0.8s)} 0-1

[Event "Stay Safe Play From Home 409"]
[Site "Emanuel Lasker Arena"]
[Date "2020.08.25"]
[Round "5"]
[White "Stefanone"]
[Black "lazieri3"]
[Result "1-0"]
[WhiteElo "2032"]
[BlackElo "1953"]
[PlyCount "101"]
[EventDate "2020.08.25"]
[EventType "swiss (blitz)"]

1. d4 {[%emt 0:00:01]} c6 {[%emt 0:00:00]} 2. e3 {[%emt 0:00:00]} d5 {[%emt 0:00:00]} 3. Nf3 {[%emt 0:00:00]} Nf6 {[%emt 0:00:00]} 4. b3 {[%emt 0:00:00]} Bf5 {[%emt 0:00:01]} 5. Bb2 {[%emt 0:00:00]} e6 {[%emt 0:00:01]} 6. Bd3 {[%emt 0:00:01]} Bxd3 {[%emt 0:00:01]} 7. Qxd3 {[%emt 0:00:00]} h6 {[%emt 0:00:00]} 8. Qe2 {[%emt 0:00:00]} Bd6 {[%emt 0:00:02]} 9. Ne5 {[%emt 0:00:00]} Qe7 {[%emt 0:00:01]} 10. f4 {[%emt 0:00:00]} Nbd7 {[%emt 0:00:01]} 11. O-O {[%emt 0:00:00]} O-O {[%emt 0:00:01]} 12. Nd2 {[%emt 0:00:00]} Ba3 {[%emt 0:00:01]} 13. Bxa3 {[%emt 0:00:02]} Qxa3 {[%emt 0:00:00]} 14. c4 {[%emt 0:00:00]} Qe7 {[%emt 0:00:01]} 15. c5 {[%emt 0:00:01]} a6 {[%emt 0:00:03]} 16. g4 {[%emt 0:00:02]} Nxe5 {[%emt 0:00:01]} 17. dxe5 {[%emt 0:00:01]} Nd7 {[%emt 0:00:00]} 18. Rf2 {[%emt 0:00:01]} Nxc5 {[%emt 0:00:01]} 19. Kh1 {[%emt 0:00:01]} Ne4 {[%emt 0:00:01]} 20. Nxe4 {[%emt 0:00:01]} dxe4 {[%emt 0:00:01]} 21. Rg1 {[%emt 0:00:00]} f5 {[%emt 0:00:02]} 22. g5 {[%emt 0:00:01]} Kh7 {[%emt 0:00:07]} 23. Qh5 {[%emt 0:00:02]} Rg8 {[%emt 0:00:05]} 24. Rfg2 {[%emt 0:00:01]} Rad8 {[%emt 0:00:03]} 25. gxh6 {[%emt 0:00:01]} gxh6 {[%emt 0:00:02]} 26. h4 {[%emt 0:00:02]} Rxg2 {[%emt 0:00:09]} 27. Rxg2 {[%emt 0:00:00]} Rg8 {[%emt 0:00:05]} 28. Rxg8 {[%emt 0:00:01]} Kxg8 {[%emt 0:00:00]} 29. Qxh6 {[%emt 0:00:00]} Qd7 {[%emt 0:00:01]} 30. Qg6+ {[%emt 0:00:01]} Kf8 {[%emt 0:00:01]} 31. h5 {[%emt 0:00:00]} Qd1+ {[%emt 0:00:01]} 32. Kh2 {[%emt 0:00:01]} Qe2+ {[%emt 0:00:01]} 33. Qg2 {[%emt 0:00:00]} Qxh5+ {[%emt 0:00:01]} 34. Kg1 {[%emt 0:00:01]} Qd1+ {[%emt 0:00:00]} 35. Kh2 {[%emt 0:00:00]} Qh5+ {[%emt 0:00:01]} 36. Qh3 {[%emt 0:00:00]} Qxh3+ {[%emt 0:00:01]} 37. Kxh3 {[%emt 0:00:01]} Ke7 {[%emt 0:00:00]} 38. Kg3 {[%emt 0:00:00]} c5 {[%emt 0:00:00]} 39. Kf2 {[%emt 0:00:00]} b5 {[%emt 0:00:00]} 40. Ke2 {[%emt 0:00:00]} Kd7 {[%emt 0:00:00]} 41. Kd2 {[%emt 0:00:00]} Kc6 {[%emt 0:00:00]} 42. Kc3 {[%emt 0:00:00]} Kb6 {[%emt 0:00:00]} 43. a3 {[%emt 0:00:01]} Kc6 {[%emt 0:00:00]} 44. Kc2 {[%emt 0:00:01]} Kb6 {[%emt 0:00:00]} 45. Kd2 {[%emt 0:00:00]} Kc6 {[%emt 0:00:00]} 46. Kc3 {[%emt 0:00:00]} Kb6 {[%emt 0:00:00]} 47. a4 {[%emt 0:00:00]} Kc6 {[%emt 0:00:00]} 48. axb5+ {[%emt 0:00:00]} Kb6 {[%emt 0:00:00]} 49. b4 {[%emt 0:00:00]} axb5 {[%emt 0:00:00]} 50. bxc5+ {[%emt 0:00:00]} Kxc5 {[%emt 0:00:00]} 51. Kb3 {[%emt 0:00:00] (Lag: Av=0.47s, max=1.1s) (Lag: Av=0.47s, max=1.1s) (Lag: Av=0.47s, max=1.1s)} 1-0

[Event "Stay Safe Play From Home 409"]
[Site "Emanuel Lasker Arena"]
[Date "2020.08.25"]
[Round "5"]
[White "Trotsky"]
[Black "Hickey"]
[Result "0-1"]
[WhiteElo "1615"]
[BlackElo "2255"]
[PlyCount "32"]
[EventDate "2020.08.25"]
[EventType "swiss (blitz)"]

1. d4 {[%emt 0:00:01]} Nf6 {[%emt 0:00:01]} 2. e3 {[%emt 0:00:00]} e6 {[%emt 0:00:00]} 3. c4 {[%emt 0:00:01]} b6 {[%emt 0:00:00]} 4. Nc3 {[%emt 0:00:01]} Bb7 {[%emt 0:00:00]} 5. Qc2 {[%emt 0:00:01]} c5 {[%emt 0:00:00]} 6. f3 {[%emt 0:00:01]} d5 {[%emt 0:00:00]} 7. Bd2 {[%emt 0:00:02]} cxd4 {[%emt 0:00:01]} 8. exd4 {[%emt 0:00:01]} Nc6 {[%emt 0:00:00]} 9. Be3 {[%emt 0:00:02]} Be7 {[%emt 0:00:02]} 10. a3 {[%emt 0:00:01]} O-O {[%emt 0:00:01]} 11. h4 {[%emt 0:00:01]} Rc8 {[%emt 0:00:02]} 12. Nh3 {[%emt 0:00:01]} dxc4 {[%emt 0:00:01]} 13. Bxc4 {[%emt 0:00:01]} Nxd4 {[%emt 0:00:01]} 14. Qd3 {[%emt 0:00:05]} Rxc4 {[%emt 0:00:03]} 15. Qxc4 {[%emt 0:00:02]} Nc2+ {[%emt 0:00:01]} 16. Kf1 {[%emt 0:00:01]} Nxe3+ {[%emt 0:00:02] Trotsky Ñäàåòñÿ Trotsky Ñäàåòñÿ Trotsky Ñäàåòñÿ (Lag: Av=0.51s, max=0.8s) (Lag: Av=0.51s, max=0.8s) (Lag: Av=0.51s, max=0.8s)} 0-1

[Event "Stay Safe Play From Home 409"]
[Site "Emanuel Lasker Arena"]
[Date "2020.08.25"]
[Round "5"]
[White "Ao017545"]
[Black "Klasman"]
[Result "0-1"]
[WhiteElo "1591"]
[BlackElo "1315"]
[Annotator "NA"]
[PlyCount "44"]
[EventDate "2020.08.25"]
[EventType "swiss (blitz)"]

1. e4 {[%emt 0:00:01]} f5 {[%emt 0:00:02]} 2. Nf3 {[%emt 0:00:00]} fxe4 {[%emt 0:00:03]} 3. Ne5 {[%emt 0:00:00]} Nf6 {[%emt 0:00:02]} 4. g4 {[%emt 0:00:02]} h6 {[%emt 0:00:02]} 5. Be2 {[%emt 0:00:03]} d5 {[%emt 0:00:01]} 6. Ng6 {[%emt 0:00:03]} Rh7 {[%emt 0:00:02]} 7. Nxf8 {[%emt 0:00:01]} Kxf8 {[%emt 0:00:02]} 8. g5 {[%emt 0:00:01]} hxg5 {[%emt 0:00:02]} 9. Bh5 {[%emt 0:00:02]} Rxh5 {[%emt 0:00:02]} 10. Nc3 {[%emt 0:00:03]} c6 {[%emt 0:00:02]} 11. Ne2 {[%emt 0:00:00]} Qd6 {[%emt 0:00:09]} 12. Ng3 {[%emt 0:00:00]} Rh3 {[%emt 0:00:03]} 13. Qe2 {[%emt 0:00:06]} Bg4 {[%emt 0:00:03]} 14. Qe3 {[%emt 0:00:02]} d4 {[%emt 0:00:02]} 15. Qxg5 {[%emt 0:00:01]} Rxg3 {[%emt 0:00:04]} 16. hxg3 {[%emt 0:00:02]} Nbd7 {[%emt 0:00:03]} 17. Qg6 {[%emt 0:00:01]} Ng8 {[%emt 0:00:04]} 18. Rh8 {[%emt 0:00:01]} Qxg6 {[%emt 0:00:05]} 19. Rxg8+ {[%emt 0:00:01]} Kxg8 {[%emt 0:00:01]} 20. b3 {[%emt 0:00:01]} Bf3 {[%emt 0:00:01]} 21. Ba3 {[%emt 0:00:00]} Qh5 {[%emt 0:00:01]} 22. g4 {[%emt 0:00:04]} Qh1# {[%emt 0:00:01] (Lag: Av=0.66s, max=1.4s) (Lag: Av=0.66s, max=1.4s) (Lag: Av=0.66s, max=1.4s)} 0-1

[Event "Stay Safe Play From Home 409"]
[Site "Emanuel Lasker Arena"]
[Date "2020.08.25"]
[Round "6"]
[White "NTBT_DHS"]
[Black "Nguyen Hong Anh"]
[Result "0-1"]
[WhiteElo "2581"]
[BlackElo "2257"]
[PlyCount "120"]
[EventDate "2020.08.25"]
[EventType "swiss (blitz)"]

1. e4 {[%emt 0:00:01]} c5 {[%emt 0:00:03]} 2. Nf3 {[%emt 0:00:00]} Nc6 {[%emt 0:00:01]} 3. d4 {[%emt 0:00:01]} cxd4 {[%emt 0:00:00]} 4. Nxd4 {[%emt 0:00:00]} g6 {[%emt 0:00:00]} 5. Nxc6 {[%emt 0:00:02]} bxc6 {[%emt 0:00:02]} 6. Bc4 {[%emt 0:00:02]} Nf6 {[%emt 0:00:01]} 7. Nc3 {[%emt 0:00:03]} Bg7 {[%emt 0:00:01]} 8. O-O {[%emt 0:00:01]} O-O {[%emt 0:00:01]} 9. e5 {[%emt 0:00:02]} Ne8 {[%emt 0:00:01]} 10. e6 {[%emt 0:00:00]} fxe6 {[%emt 0:00:04]} 11. Bxe6+ {[%emt 0:00:01]} Kh8 {[%emt 0:00:00]} 12. Bg5 {[%emt 0:00:01]} d5 {[%emt 0:00:01]} 13. Re1 {[%emt 0:00:02]} Nf6 {[%emt 0:00:02]} 14. Bxc8 {[%emt 0:00:01]} Rxc8 {[%emt 0:00:00]} 15. Na4 {[%emt 0:00:00]} Qd6 {[%emt 0:00:02]} 16. Qe2 {[%emt 0:00:06]} Ne4 {[%emt 0:00:01]} 17. Be3 {[%emt 0:00:01]} Qb4 {[%emt 0:00:02]} 18. Qa6 {[%emt 0:00:06]} Qb5 {[%emt 0:00:03]} 19. Qxb5 {[%emt 0:00:08]} cxb5 {[%emt 0:00:00]} 20. Nc3 {[%emt 0:00:02]} Nxc3 {[%emt 0:00:01]} 21. bxc3 {[%emt 0:00:00]} Bxc3 {[%emt 0:00:00]} 22. Bxa7 {[%emt 0:00:02]} Bxa1 {[%emt 0:00:01]} 23. Rxa1 {[%emt 0:00:01]} Rxc2 {[%emt 0:00:00]} 24. Rb1 {[%emt 0:00:00]} Rfc8 {[%emt 0:00:02]} 25. Be3 {[%emt 0:00:01]} e5 {[%emt 0:00:01]} 26. h4 {[%emt 0:00:02]} d4 {[%emt 0:00:01]} 27. Bg5 {[%emt 0:00:00]} R8c5 {[%emt 0:00:01]} 28. a4 {[%emt 0:00:02]} Kg7 {[%emt 0:00:03]} 29. axb5 {[%emt 0:00:01]} h6 {[%emt 0:00:01]} 30. b6 {[%emt 0:00:04]} hxg5 {[%emt 0:00:04]} 31. Kh2 {[%emt 0:00:00]} Rc8 {[%emt 0:00:02]} 32. hxg5 {[%emt 0:00:01]} Rb8 {[%emt 0:00:00]} 33. Rb5 {[%emt 0:00:00]} Rc6 {[%emt 0:00:01]} 34. Rxe5 {[%emt 0:00:01]} Rcxb6 {[%emt 0:00:00]} 35. Re7+ {[%emt 0:00:01]} Kg8 {[%emt 0:00:00]} 36. Rd7 {[%emt 0:00:00]} R8b7 {[%emt 0:00:01]} 37. Rxd4 {[%emt 0:00:01]} Kg7 {[%emt 0:00:00]} 38. Rd5 {[%emt 0:00:01]} Rb5 {[%emt 0:00:01]} 39. Rd6 {[%emt 0:00:00]} Rxg5 {[%emt 0:00:01]} 40. g3 {[%emt 0:00:00]} Rf5 {[%emt 0:00:00]} 41. f4 {[%emt 0:00:00]} Rb2+ {[%emt 0:00:00]} 42. Kh3 {[%emt 0:00:01]} Rb7 {[%emt 0:00:00]} 43. Rd3 {[%emt 0:00:00]} Rf6 {[%emt 0:00:00]} 44. Kg4 {[%emt 0:00:00]} Rbf7 {[%emt 0:00:01]} 45. Rf3 {[%emt 0:00:00]} Re6 {[%emt 0:00:00]} 46. Kg5 {[%emt 0:00:00]} Rf5+ {[%emt 0:00:00]} 47. Kg4 {[%emt 0:00:00]} Ref6 {[%emt 0:00:00]} 48. Rd3 {[%emt 0:00:00]} g5 {[%emt 0:00:00]} 49. Rd7+ {[%emt 0:00:00]} Kg6 {[%emt 0:00:01]} 50. Rd4 {[%emt 0:00:00]} gxf4 {[%emt 0:00:01]} 51. gxf4 {[%emt 0:00:00]} Rc5 {[%emt 0:00:00]} 52. Re4 {[%emt 0:00:00]} Rd5 {[%emt 0:00:01]} 53. Rd4 {[%emt 0:00:00]} Rdd6 {[%emt 0:00:00]} 54. Rd5 {[%emt 0:00:01]} Rxd5 {[%emt 0:00:01]} 55. Kh4 {[%emt 0:00:00]} Rdf5 {[%emt 0:00:00]} 56. Kh3 {[%emt 0:00:01]} Rxf4 {[%emt 0:00:00]} 57. Kg3 {[%emt 0:00:00]} R4f5 {[%emt 0:00:00]} 58. Kg4 {[%emt 0:00:00]} Rg5+ {[%emt 0:00:00]} 59. Kh3 {[%emt 0:00:00]} Kg7 {[%emt 0:00:01]} 60. Kh2 {[%emt 0:00:00]} Rh6# {[%emt 0:00:01] (Lag: Av=1.10s, max=2.0s) (Lag: Av=1.10s, max=2.0s) (Lag: Av=1.10s, max=2.0s)} 0-1

[Event "Stay Safe Play From Home 409"]
[Site "Emanuel Lasker Arena"]
[Date "2020.08.25"]
[Round "6"]
[White "Tran Minh Thang"]
[Black "Stefanone"]
[Result "1-0"]
[WhiteElo "2424"]
[BlackElo "2045"]
[PlyCount "91"]
[EventDate "2020.08.25"]
[EventType "swiss (blitz)"]

1. Nf3 {[%emt 0:00:01]} d5 {[%emt 0:00:01]} 2. e3 {[%emt 0:00:00]} c6 {[%emt 0:00:00]} 3. c4 {[%emt 0:00:00]} e6 {[%emt 0:00:00]} 4. b3 {[%emt 0:00:00]} f5 {[%emt 0:00:01]} 5. Nc3 {[%emt 0:00:01]} Nf6 {[%emt 0:00:00]} 6. Bb2 {[%emt 0:00:00]} Bd6 {[%emt 0:00:01]} 7. d4 {[%emt 0:00:00]} Qe7 {[%emt 0:00:01]} 8. Bd3 {[%emt 0:00:00]} O-O {[%emt 0:00:01]} 9. O-O {[%emt 0:00:00]} Ne4 {[%emt 0:00:00]} 10. Ne5 {[%emt 0:00:01]} Nd7 {[%emt 0:00:01]} 11. f3 {[%emt 0:00:02]} Nxc3 {[%emt 0:00:02]} 12. Bxc3 {[%emt 0:00:00]} Qf6 {[%emt 0:00:01]} 13. f4 {[%emt 0:00:01]} Qe7 {[%emt 0:00:01]} 14. g4 {[%emt 0:00:04]} Nf6 {[%emt 0:00:02]} 15. gxf5 {[%emt 0:00:01]} exf5 {[%emt 0:00:00]} 16. Qf3 {[%emt 0:00:05]} Bxe5 {[%emt 0:00:01]} 17. fxe5 {[%emt 0:00:01]} Ne4 {[%emt 0:00:01]} 18. Be1 {[%emt 0:00:02]} Be6 {[%emt 0:00:01]} 19. Kh1 {[%emt 0:00:03]} Qd7 {[%emt 0:00:01]} 20. Bh4 {[%emt 0:00:02]} Rf7 {[%emt 0:00:01]} 21. Rg1 {[%emt 0:00:01]} Kh8 {[%emt 0:00:01]} 22. Qf4 {[%emt 0:00:01]} Rg8 {[%emt 0:00:01]} 23. Bg5 {[%emt 0:00:03]} h6 {[%emt 0:00:02]} 24. Bxh6 {[%emt 0:00:00]} gxh6 {[%emt 0:00:00]} 25. Qxh6+ {[%emt 0:00:00]} Rh7 {[%emt 0:00:00]} 26. Rxg8+ {[%emt 0:00:01]} Bxg8 {[%emt 0:00:02]} 27. Qf8 {[%emt 0:00:01]} Qg7 {[%emt 0:00:01]} 28. Qxg7+ {[%emt 0:00:02]} Rxg7 {[%emt 0:00:01]} 29. Rf1 {[%emt 0:00:00]} Bh7 {[%emt 0:00:01]} 30. cxd5 {[%emt 0:00:02]} cxd5 {[%emt 0:00:01]} 31. Bb5 {[%emt 0:00:03]} Rc7 {[%emt 0:00:01]} 32. e6 {[%emt 0:00:02]} Re7 {[%emt 0:00:02]} 33. Bd7 {[%emt 0:00:01]} Nd2 {[%emt 0:00:02]} 34. Rc1 {[%emt 0:00:01]} Ne4 {[%emt 0:00:01]} 35. Rc7 {[%emt 0:00:01]} Kg7 {[%emt 0:00:00]} 36. Rxb7 {[%emt 0:00:01]} Kf6 {[%emt 0:00:00]} 37. Rxa7 {[%emt 0:00:01]} Nd6 {[%emt 0:00:01]} 38. Kg2 {[%emt 0:00:01]} Rg7+ {[%emt 0:00:04]} 39. Kf3 {[%emt 0:00:00]} Ke7 {[%emt 0:00:01]} 40. Bc6+ {[%emt 0:00:02]} Kxe6 {[%emt 0:00:01]} 41. Rxg7 {[%emt 0:00:00]} Ne4 {[%emt 0:00:04]} 42. h4 {[%emt 0:00:01]} f4 {[%emt 0:00:02]} 43. Kxf4 {[%emt 0:00:01]} Bf5 {[%emt 0:00:01]} 44. Bd7+ {[%emt 0:00:00]} Kf6 {[%emt 0:00:01]} 45. Bxf5 {[%emt 0:00:00]} Kxg7 {[%emt 0:00:01]} 46. Bxe4 {[%emt 0:00:00] Stefanone abbandona Stefanone abbandona Stefanone abbandona (Lag: Av=0.69s, max=0.9s) (Lag: Av=0.69s, max=0.9s) (Lag: Av=0.69s, max=0.9s)} 1-0

[Event "Stay Safe Play From Home 409"]
[Site "Emanuel Lasker Arena"]
[Date "2020.08.25"]
[Round "6"]
[White "Hickey"]
[Black "IceQueen"]
[Result "1/2-1/2"]
[WhiteElo "2256"]
[BlackElo "2307"]
[PlyCount "128"]
[EventDate "2020.08.25"]
[EventType "swiss (blitz)"]

1. Nf3 {[%emt 0:00:01]} d6 {[%emt 0:00:01]} 2. g3 {[%emt 0:00:00]} Nf6 {[%emt 0:00:00]} 3. Bg2 {[%emt 0:00:00]} g6 {[%emt 0:00:00]} 4. O-O {[%emt 0:00:00]} Bg7 {[%emt 0:00:00]} 5. d4 {[%emt 0:00:00]} O-O {[%emt 0:00:00]} 6. b3 {[%emt 0:00:00]} Nbd7 {[%emt 0:00:00]} 7. Bb2 {[%emt 0:00:00]} d5 {[%emt 0:00:00]} 8. Nbd2 {[%emt 0:00:01]} c6 {[%emt 0:00:00]} 9. c4 {[%emt 0:00:00]} a5 {[%emt 0:00:00]} 10. a3 {[%emt 0:00:01]} a4 {[%emt 0:00:01]} 11. b4 {[%emt 0:00:01]} dxc4 {[%emt 0:00:01]} 12. Nxc4 {[%emt 0:00:01]} Nb6 {[%emt 0:00:00]} 13. Nce5 {[%emt 0:00:02]} Bf5 {[%emt 0:00:01]} 14. Rc1 {[%emt 0:00:01]} Nfd5 {[%emt 0:00:01]} 15. Re1 {[%emt 0:00:02]} f6 {[%emt 0:00:01]} 16. Nd3 {[%emt 0:00:02]} Be4 {[%emt 0:00:00]} 17. Nc5 {[%emt 0:00:01]} Bxf3 {[%emt 0:00:02]} 18. Bxf3 {[%emt 0:00:00]} Qc8 {[%emt 0:00:01]} 19. e4 {[%emt 0:00:01]} Nc7 {[%emt 0:00:01]} 20. Qc2 {[%emt 0:00:02]} Rd8 {[%emt 0:00:01]} 21. Rcd1 {[%emt 0:00:01]} Kh8 {[%emt 0:00:02]} 22. Bg2 {[%emt 0:00:01]} Na6 {[%emt 0:00:01]} 23. h4 {[%emt 0:00:02]} Nxc5 {[%emt 0:00:01]} 24. dxc5 {[%emt 0:00:00]} Nd7 {[%emt 0:00:00]} 25. Bh3 {[%emt 0:00:01]} Qc7 {[%emt 0:00:01]} 26. Be6 {[%emt 0:00:01]} Nf8 {[%emt 0:00:01]} 27. Bc4 {[%emt 0:00:00]} Rxd1 {[%emt 0:00:01]} 28. Rxd1 {[%emt 0:00:00]} Rd8 {[%emt 0:00:00]} 29. Rxd8 {[%emt 0:00:01]} Qxd8 {[%emt 0:00:00]} 30. Qxa4 {[%emt 0:00:01]} Qd2 {[%emt 0:00:02]} 31. Qb3 {[%emt 0:00:00]} Qe1+ {[%emt 0:00:03]} 32. Kg2 {[%emt 0:00:04]} Qxe4+ {[%emt 0:00:00]} 33. Kh2 {[%emt 0:00:00]} h5 {[%emt 0:00:03]} 34. Qd3 {[%emt 0:00:02]} Qe1 {[%emt 0:00:03]} 35. Bd4 {[%emt 0:00:01]} e5 {[%emt 0:00:01]} 36. Be3 {[%emt 0:00:01]} Kh7 {[%emt 0:00:00]} 37. Bf7 {[%emt 0:00:02]} Qa1 {[%emt 0:00:01]} 38. b5 {[%emt 0:00:02]} cxb5 {[%emt 0:00:02]} 39. Qxb5 {[%emt 0:00:00]} Qxa3 {[%emt 0:00:03]} 40. Qxb7 {[%emt 0:00:01]} f5 {[%emt 0:00:03]} 41. Qd5 {[%emt 0:00:05]} Qa5 {[%emt 0:00:02]} 42. c6 {[%emt 0:00:01]} Qc7 {[%emt 0:00:01]} 43. Bc5 {[%emt 0:00:03]} f4 {[%emt 0:00:04]} 44. Bd6 {[%emt 0:00:02]} fxg3+ {[%emt 0:00:00]} 45. Kxg3 {[%emt 0:00:02]} Qa7 {[%emt 0:00:05]} 46. Bxf8 {[%emt 0:00:00]} Bxf8 {[%emt 0:00:01]} 47. Qe6 {[%emt 0:00:00]} Qa3+ {[%emt 0:00:01]} 48. f3 {[%emt 0:00:01]} Qd6 {[%emt 0:00:00]} 49. Qxd6 {[%emt 0:00:01]} Bxd6 {[%emt 0:00:00]} 50. Kf2 {[%emt 0:00:00]} Bc7 {[%emt 0:00:00]} 51. Ke3 {[%emt 0:00:01]} Kg7 {[%emt 0:00:00]} 52. Bd5 {[%emt 0:00:01]} Kf6 {[%emt 0:00:00]} 53. Ke4 {[%emt 0:00:00]} Bb6 {[%emt 0:00:00]} 54. Bc4 {[%emt 0:00:00]} Bc7 {[%emt 0:00:00]} 55. Be2 {[%emt 0:00:00]} g5 {[%emt 0:00:00]} 56. hxg5+ {[%emt 0:00:01]} Kxg5 {[%emt 0:00:00]} 57. Bf1 {[%emt 0:00:00]} h4 {[%emt 0:00:00]} 58. Bh3 {[%emt 0:00:00]} Kh5 {[%emt 0:00:00]} 59. Bg4+ {[%emt 0:00:00]} Kg5 {[%emt 0:00:00]} 60. Bh3 {[%emt 0:00:00]} Kf6 {[%emt 0:00:01]} 61. Bg4 {[%emt 0:00:00]} Bd6 {[%emt 0:00:01]} 62. Bh3 {[%emt 0:00:00]} Bc7 {[%emt 0:00:00]} 63. Bg4 {[%emt 0:00:00]} Kg7 {[%emt 0:00:00]} 64. Bh3 {[%emt 0:00:00]} Kf6 {[%emt 0:00:01] (Lag: Av=0.59s, max=1.1s) (Lag: Av=0.59s, max=1.1s) (Lag: Av=0.59s, max=1.1s)} 1/2-1/2